[Event "Gibtelecom Masters"]
[Site "Gibraltar"]
[Date "2008.01.22"]
[Round "1.45"]
[White "Harika, Dronavalli"]
[Black "Steel, Henry Robert"]
[Result "1-0"]
[WhiteElo "2455"]
[BlackElo "2241"]
[PlyCount "79"]
[EventDate "2008.01.22"]

1. d4 Nf6 2. c4 g6 3. g3 Bg7 4. Bg2 O-O 5. Nf3 c6 6. O-O d5 7. Qb3 dxc4 8. Qxc4
Ne4 9. Nc3 Nxc3 10. bxc3 Nd7 11. a4 a5 12. Bf4 Nb6 13. Qc5 Be6 14. Rfb1 Nd7 15.
Qa3 Ra7 16. Nd2 f5 17. Bg5 Re8 18. e4 fxe4 19. Nxe4 h6 20. Be3 Bd5 21. Qc1 Kh7
22. c4 Bxe4 23. Bxe4 Nf6 24. Bf3 Qd7 25. Ra3 Ng4 26. Bxg4 Qxg4 27. d5 Raa8 28.
Rxb7 cxd5 29. cxd5 Rab8 30. Rab3 Rxb7 31. Rxb7 Qe4 32. Qd1 Rd8 33. Rb5 Bc3 34.
h4 h5 35. Qb3 Be5 36. Bb6 Rf8 37. Qe3 Qxa4 38. Qxe5 Qxb5 39. Bd4 Qb1+ 40. Kh2
1-0

[Event "Gibtelecom Masters"]
[Site "Gibraltar"]
[Date "2008.01.22"]
[Round "1.48"]
[White "Lyell, Mark"]
[Black "Papadopoulos, Ioannis"]
[Result "0-1"]
[WhiteElo "2221"]
[BlackElo "2444"]
[PlyCount "96"]
[EventDate "2008.01.22"]

1. e4 c5 2. c3 d5 3. exd5 Qxd5 4. d4 Nf6 5. Nf3 e6 6. Na3 Qd8 7. Nc2 Nc6 8. Bg5
Qb6 9. Bd3 Be7 10. O-O h6 11. Bh4 Qxb2 12. Qd2 cxd4 13. cxd4 Qb6 14. Rab1 Qd8
15. Rfe1 O-O 16. Ne5 Nd5 17. Bg3 Bg5 18. f4 Bf6 19. Rb3 Nce7 20. Ne3 Nxe3 21.
Rxe3 Nc6 22. Bb1 Nxd4 23. Rb2 Nf5 24. Rd3 Qe7 25. Bf2 h5 26. Qe2 g6 27. h3 h4
28. Rbb3 b6 29. Qg4 Bxe5 30. fxe5 Bb7 31. Rd6 Rac8 32. Bxf5 exf5 33. Qf4 Rc2
34. Rbd3 Be4 35. Rd2 Rc1+ 36. Kh2 g5 37. Bxh4 gxf4 38. Bxe7 Rfc8 39. Bf6 R1c7
40. h4 Kh7 41. Rd8 Kg6 42. Rxc8 Rxc8 43. Bg5 Kh5 44. Bxf4 Kxh4 45. Bg3+ Kg4 46.
Bf2 f4 47. Re2 Bxg2 48. Kxg2 f3+ 0-1

[Event "Gibtelecom Masters"]
[Site "Gibraltar"]
[Date "2008.01.22"]
[Round "1.49"]
[White "Butnorius, Algimantas"]
[Black "Narayanan, Srinath"]
[Result "1-0"]
[WhiteElo "2441"]
[BlackElo "2210"]
[PlyCount "74"]
[EventDate "2008.01.22"]

1. Nf3 Nf6 2. c4 g6 3. Nc3 Bg7 4. e4 d6 5. d4 O-O 6. Be2 e5 7. O-O Nc6 8. d5
Ne7 9. b4 Nh5 10. Re1 a5 11. bxa5 Rxa5 12. Nd2 Nf4 13. Bf1 Ra8 14. a4 c5 15.
Nb5 Nh5 16. Ra3 Nf6 17. g3 Ne8 18. f4 f5 19. fxe5 Bxe5 20. Nf3 Bg7 21. e5 dxe5
22. Nxe5 Nd6 23. Nxd6 Qxd6 24. Bf4 Qd8 25. d6 Nc6 26. Qd5+ Kh8 27. Nf7+ Rxf7
28. Qxf7 Bd7 29. Bg2 Be8 30. Rxe8+ Qxe8 31. Qxe8+ Rxe8 32. Bxc6 bxc6 33. Bg5
Bd4+ 34. Kf1 Rb8 35. d7 Rb1+ 36. Ke2 Rb2+ 37. Kd3 Re2 1-0

[Event "Gibtelecom Masters"]
[Site "Gibraltar"]
[Date "2008.01.22"]
[Round "1.50"]
[White "Navarro Torres, Pedro M"]
[Black "Hammer, Jon Ludvig"]
[Result "0-1"]
[WhiteElo "2210"]
[BlackElo "2441"]
[PlyCount "50"]
[EventDate "2008.01.22"]

1. e4 e5 2. Nf3 Nc6 3. d4 exd4 4. c3 d3 5. Bxd3 d6 6. h3 g6 7. O-O Bg7 8. Nd4
Nge7 9. f4 Nxd4 10. cxd4 Bxd4+ 11. Kh1 c5 12. f5 d5 13. f6 Nc6 14. exd5 Qxd5
15. Nc3 Bxc3 16. bxc3 Bxh3 17. Qe2+ Be6 18. Be4 Qc4 19. Qe1 h5 20. Rf4 Qa6 21.
Bxg6 O-O-O 22. Bc2 c4 23. Qf2 h4 24. Rxh4 Qa5 25. Bg5 Qxg5 0-1

[Event "Gibtelecom Masters"]
[Site "Gibraltar"]
[Date "2008.01.22"]
[Round "1.51"]
[White "Wippermann, Till"]
[Black "Nadig, Kruttika"]
[Result "1-0"]
[WhiteElo "2435"]
[BlackElo "2208"]
[PlyCount "99"]
[EventDate "2008.01.22"]

1. e4 c5 2. Nf3 d6 3. Bb5+ Nd7 4. d4 Ngf6 5. e5 Qa5+ 6. Nc3 Ne4 7. Bd2 Nxd2 8.
Qxd2 a6 9. Bxd7+ Bxd7 10. O-O-O O-O-O 11. d5 e6 12. Ng5 exd5 13. Nxf7 d4 14.
Nb1 Qxa2 15. Nxd8 dxe5 16. Qg5 Bd6 17. Nxb7 Kxb7 18. Qxg7 Rd8 19. Rhe1 Ka8 20.
Qf6 Bc7 21. Rd3 Qe6 22. Qxe6 Bxe6 23. Ra3 Bd5 24. Rxa6+ Kb7 25. Rh6 Rd7 26. Nd2
Bxg2 27. Nb3 Rf7 28. Nxc5+ Kc8 29. Ne6 Bb8 30. Ng5 Rxf2 31. Rxh7 Rf5 32. h4 Bc7
33. Rf7 Rxf7 34. Nxf7 e4 35. Rg1 Bf3 36. Ng5 Bf4+ 37. Kb1 Be3 38. Nxf3 exf3 39.
Rf1 f2 40. h5 Kd7 41. h6 Bxh6 42. Rxf2 Ke6 43. Ka2 Kd5 44. Kb3 Be3 45. Rf5+ Ke4
46. Rh5 Bc1 47. Rh1 Be3 48. Kc4 Ke5 49. Rh5+ Ke6 50. Rd5 1-0

[Event "Gibtelecom Masters"]
[Site "Gibraltar"]
[Date "2008.01.22"]
[Round "1.53"]
[White "Berczes, David"]
[Black "Kulago, Alexander"]
[Result "1-0"]
[WhiteElo "2429"]
[BlackElo "2206"]
[PlyCount "43"]
[EventDate "2008.01.22"]

1. d4 d5 2. c4 e6 3. Nc3 Nf6 4. cxd5 exd5 5. Bg5 c6 6. e3 Be7 7. Bd3 Nbd7 8.
Nf3 Nh5 9. Bxe7 Qxe7 10. O-O Nb6 11. Rb1 g6 12. b4 Be6 13. b5 c5 14. e4 Nf4 15.
Bc2 O-O-O 16. Qc1 Qc7 17. dxc5 Qxc5 18. Qxf4 Qxc3 19. Rfc1 Qc7 20. Bb3 Nc4 21.
Qxc7+ Kxc7 22. exd5 1-0

[Event "Gibtelecom Masters"]
[Site "Gibraltar"]
[Date "2008.01.22"]
[Round "1.54"]
[White "Pettersen, Joar Gullestad"]
[Black "Spence, David J"]
[Result "0-1"]
[WhiteElo "2026"]
[BlackElo "2198"]
[PlyCount "92"]
[EventDate "2008.01.22"]

1. e4 e6 2. d4 d5 3. Nc3 Bb4 4. e5 c5 5. Bd2 Ne7 6. Nb5 Bxd2+ 7. Qxd2 O-O 8. f4
Nbc6 9. Nf3 a6 10. Nd6 Nxd4 11. Nxd4 cxd4 12. Bd3 f6 13. O-O Nc6 14. Qe2 fxe5
15. fxe5 Rxf1+ 16. Rxf1 Qg5 17. Kh1 Nxe5 18. Qf2 Qe7 19. Nxc8 Rxc8 20. Qxd4
Nxd3 21. cxd3 Rc2 22. h3 Qd6 23. Qa4 Qc6 24. Qf4 Qe8 25. Rf2 e5 26. Qf5 Rxf2
27. Qxf2 e4 28. dxe4 Qxe4 29. a3 d4 30. Qd2 Kf7 31. Kg1 Qe3+ 32. Qxe3 dxe3 33.
Kf1 Ke6 34. Ke2 Kd5 35. Kxe3 Kc4 36. Kd2 Kd4 37. Ke2 Ke4 38. Kd2 Kd4 39. Ke2 b5
40. Kd2 a5 41. Ke2 Kc4 42. Kd2 Kb3 43. Kc1 Ka2 44. Kc2 b4 45. axb4 axb4 46. Kc1
b3 0-1

[Event "Gibtelecom Masters"]
[Site "Gibraltar"]
[Date "2008.01.22"]
[Round "1.55"]
[White "Molina, Antonio"]
[Black "Greef, Melissa"]
[Result "1/2-1/2"]
[WhiteElo "2189"]
[BlackElo "2025"]
[PlyCount "120"]
[EventDate "2008.01.22"]

1. d4 Nf6 2. c4 g6 3. Nc3 Bg7 4. e4 d6 5. Nf3 O-O 6. Be2 Na6 7. O-O e5 8. Be3
Ng4 9. Bg5 f6 10. Bd2 c6 11. h3 Nh6 12. dxe5 dxe5 13. Be3 Qe7 14. Qc1 Nf7 15.
Rd1 f5 16. exf5 gxf5 17. Nh2 Nc7 18. f3 Ne6 19. Bf1 Bf6 20. c5 Bg5 21. b4 Kh8
22. Bxg5 Nfxg5 23. Ne2 Qg7 24. Kh1 Rg8 25. Qe3 Nc7 26. f4 Ne4 27. fxe5 Nd5 28.
Qd4 Be6 29. Nf3 Ng3+ 30. Nxg3 Qxg3 31. Qh4 Qxh4 32. Nxh4 Nxb4 33. Rab1 Nxa2 34.
Rxb7 Bd5 35. Bd3 Rg7 36. Rxg7 Kxg7 37. Nxf5+ Kh8 38. Ne3 Nb4 39. Nxd5 Nxd5 40.
Rf1 Kg8 41. Rb1 Re8 42. Rb7 Re7 43. Rb8+ Kg7 44. Ra8 Rxe5 45. Rxa7+ Re7 46. Ra4
Re3 47. Be4 Ne7 48. Kg1 h6 49. Rc4 Kf6 50. Kf2 Ra3 51. Bf3 Kg5 52. h4+ Kf6 53.
g4 Ra5 54. Kg3 Ng6 55. Rc3 Ne5 56. Be4 Ra4 57. Bf3 Ra5 58. Bd1 Ra1 59. Be2 Ra2
60. Bf3 Ra5 1/2-1/2

[Event "Gibtelecom Masters"]
[Site "Gibraltar"]
[Date "2008.01.22"]
[Round "1.56"]
[White "Campbell, Ian"]
[Black "Horton-Kitchlew, Andrew"]
[Result "0-1"]
[WhiteElo "2024"]
[BlackElo "2091"]
[PlyCount "128"]
[EventDate "2008.01.22"]

1. Nf3 d6 2. d4 Nc6 3. c4 Nf6 4. Nc3 Bg4 5. e3 e5 6. Be2 Be7 7. d5 Nb8 8. e4
Nbd7 9. Nd2 Bxe2 10. Qxe2 a6 11. Nf1 h6 12. Ng3 g6 13. Be3 Nf8 14. f3 h5 15.
Qd2 N8h7 16. Nge2 Qd7 17. Nc1 g5 18. Nd3 c6 19. O-O h4 20. dxc6 bxc6 21. c5 g4
22. cxd6 Bxd6 23. Rad1 gxf3 24. Rxf3 Rg8 25. Rf5 Qe7 26. Kh1 Rg6 27. Bc5 Nd7
28. Bxd6 Rxd6 29. Qe2 O-O-O 30. Rdf1 f6 31. h3 Nb8 32. Nxe5 Rd2 33. Qg4 Kb7 34.
Nc4 R2d4 35. Na5+ Ka8 36. Nb3 Rc4 37. Qxh4 Ng5 38. R5f4 Nd7 39. Na5 Rc5 40. Nb3
Rc4 41. Nd2 Rb4 42. Nb3 Ne6 43. R4f2 Ng5 44. Qf4 Ne6 45. Qf3 Ng5 46. Qe2 Ka7
47. Na5 Qe6 48. Qe3+ Ka8 49. a3 Rbb8 50. b4 Rh8 51. Rf5 Rbf8 52. R1f4 Rh7 53.
Qe2 Ka7 54. Na4 Rfh8 55. Qe3+ Ka8 56. Kh2 Nxh3 57. gxh3 Rxh3+ 58. Qxh3 Qa2+ 59.
Rf2 Rxh3+ 60. Kxh3 Qxa3+ 61. Kg2 Qxa4 62. e5 fxe5 63. Rd2 Qxb4 64. Rxd7 Qg4+
0-1

[Event "Gibtelecom Masters"]
[Site "Gibraltar"]
[Date "2008.01.22"]
[Round "1.57"]
[White "Erdelyi, Tamas"]
[Black "Getz, Nicolai"]
[Result "1/2-1/2"]
[WhiteElo "2186"]
[BlackElo "2019"]
[PlyCount "74"]
[EventDate "2008.01.22"]

1. Nf3 Nf6 2. c4 e6 3. g3 b6 4. Bg2 Bb7 5. O-O Be7 6. Nc3 O-O 7. d4 Ne4 8. Bd2
d5 9. cxd5 Nxd2 10. Nxd2 exd5 11. Qb3 c6 12. Rfd1 Kh8 13. Rac1 Na6 14. Nf3 Nc7
15. e3 Qe8 16. Ne2 Bd6 17. Nf4 f6 18. Nd3 Bc8 19. Re1 Bf5 20. Nd2 Ne6 21. Qc3
Rc8 22. Nf4 Nxf4 23. exf4 Qd7 24. Nf1 a5 25. a3 Be6 26. Ne3 Rfd8 27. Qd3 f5 28.
Nf1 c5 29. Nd2 c4 30. Qc3 Ra8 31. Nf3 b5 32. Ne5 Bxe5 33. Rxe5 Rdb8 34. Qe3 Bg8
35. Re7 Qd6 36. Re5 Qd7 37. Re7 Qd6 1/2-1/2

[Event "Gibtelecom Masters"]
[Site "Gibraltar"]
[Date "2008.01.22"]
[Round "1.58"]
[White "Gibson, Christopher A"]
[Black "Makka, Ioulia"]
[Result "1/2-1/2"]
[WhiteElo "2019"]
[BlackElo "2186"]
[PlyCount "124"]
[EventDate "2008.01.22"]

1. d4 e6 2. Nf3 Nf6 3. c4 b6 4. g3 Bb7 5. Bg2 Be7 6. O-O O-O 7. d5 exd5 8. Nh4
c6 9. cxd5 Nxd5 10. Nf5 Nc7 11. e4 Kh8 12. Re1 Ne6 13. Nc3 Na6 14. e5 f6 15.
Nxe7 Qxe7 16. Ne4 fxe5 17. Nd6 Nd8 18. f4 Rb8 19. Rxe5 Qf6 20. Rf5 Qe7 21.
Rxf8+ Qxf8 22. b3 Qf6 23. Rb1 Nf7 24. Nxb7 Rxb7 25. Bb2 Qf5 26. Qe1 Nc7 27. Be4
Qc5+ 28. Kf1 Rb8 29. Rc1 Qb5+ 30. Kg1 Re8 31. Qd2 d5 32. Bd3 Qa5 33. b4 Qa4 34.
Qc3 Ne6 35. Re1 d4 36. Qxd4 c5 37. Qe4 Kg8 38. Qxh7+ Kf8 39. Qg6 Qxa2 40. f5
Nd4 41. Rxe8+ Kxe8 42. Bxd4 cxd4 43. Qxg7 Qa1+ 44. Kg2 Qb2+ 45. Kh3 Qxb4 46. f6
Qb3 47. Bg6 Qe6+ 48. Kh4 d3 49. Qg8+ Kd7 50. Qxf7+ Qxf7 51. Bxf7 a5 52. g4 d2
53. Bb3 b5 54. g5 a4 55. Bd1 a3 56. g6 a2 57. Bg4+ Kd6 58. g7 a1=Q 59. g8=Q
Qxf6+ 60. Qg5 Qf2+ 61. Kh3 Qf1+ 62. Kh4 Qf2+ 1/2-1/2

[Event "Gibtelecom Masters"]
[Site "Gibraltar"]
[Date "2008.01.22"]
[Round "1.59"]
[White "Heinis, Vincent"]
[Black "Husin, Axel"]
[Result "1-0"]
[WhiteElo "2184"]
[BlackElo "2012"]
[PlyCount "45"]
[EventDate "2008.01.22"]

1. d4 d5 2. c4 e6 3. Nf3 c6 4. g3 dxc4 5. Bg2 b5 6. O-O Bb7 7. a4 Nd7 8. e4
Ngf6 9. d5 exd5 10. exd5 Nxd5 11. axb5 cxb5 12. Nh4 Nc5 13. Re1+ Ne7 14. Qh5
Bxg2 15. Qxc5 Qd5 16. Qb4 Bh3 17. Nc3 Qc6 18. Nxb5 Kd8 19. Qa5+ Kc8 20. Nxa7+
Rxa7 21. Qxa7 f6 22. Bf4 Qb5 23. Qc7# 1-0

[Event "Gibtelecom Masters"]
[Site "Gibraltar"]
[Date "2008.01.22"]
[Round "1.60"]
[White "Svendsen, Peter"]
[Black "Vasvari, Tamas"]
[Result "1-0"]
[WhiteElo "2011"]
[BlackElo "2174"]
[PlyCount "59"]
[EventDate "2008.01.22"]

1. d4 d5 2. c4 c6 3. Nc3 Nf6 4. Nf3 dxc4 5. e3 Bg4 6. Bxc4 e6 7. O-O Nbd7 8. h3
Bh5 9. e4 b5 10. Bb3 b4 11. e5 bxc3 12. exf6 gxf6 13. bxc3 Qa5 14. Qd3 Bd6 15.
Re1 O-O-O 16. Nd2 Bb8 17. Ne4 Rhg8 18. Bc4 Kb7 19. Rb1+ Ka8 20. Ba6 Nb6 21. Nc5
Bd6 22. Qe4 Rc8 23. Bb7+ Kb8 24. Bxc8 Rxc8 25. Rb2 Bxc5 26. dxc5 Qxc5 27. Be3
Qxc3 28. Qb1 Bg6 29. Rxb6+ Ka8 30. Qb4 1-0

[Event "Gibtelecom Masters"]
[Site "Gibraltar"]
[Date "2008.01.22"]
[Round "1.61"]
[White "Jaime Montalvan, Luis Feliz"]
[Black "Thollin, Robert"]
[Result "1-0"]
[WhiteElo "2170"]
[BlackElo "2011"]
[PlyCount "131"]
[EventDate "2008.01.22"]

1. d4 e6 2. c4 f5 3. g3 Nf6 4. Bg2 Bb4+ 5. Bd2 Qe7 6. Nf3 O-O 7. O-O Bxd2 8.
Qxd2 Ne4 9. Qc2 d6 10. Nc3 Nxc3 11. Qxc3 Nc6 12. d5 Nd8 13. dxe6 Nxe6 14. e3 a5
15. Rfd1 Nc5 16. h4 Bd7 17. Nd4 Ne4 18. Qc2 Rad8 19. Ne2 Be8 20. Nf4 c6 21. Rd4
Nc5 22. Rad1 h6 23. h5 Ne6 24. Nxe6 Qxe6 25. Bf3 Qe5 26. c5 d5 27. R1d3 Qc7 28.
Rb3 Rb8 29. Rb6 Ra8 30. Ra4 Bd7 31. Qc3 Bc8 32. Kg2 Qe7 33. Qd4 Be6 34. Qc3 Bc8
35. Kf1 Re8 36. Ke2 Be6 37. Kd1 Ra7 38. b3 Rea8 39. Ke1 Qc7 {(=)} 40. Qd4 Qd7
41. Kf1 Kh8 42. Be2 Qf7 43. a3 Qe7 44. Kg2 Qd7 45. Qf4 Qc8 46. Qd6 Qd7 47. Qxd7
Bxd7 48. Kf3 Kh7 49. Kf4 g5+ 50. hxg6+ Kxg6 51. Bf3 Kf6 52. Bxd5 Be6 53. Bxe6
Kxe6 54. Rd4 Ke7 55. Rd6 Rh8 56. Rg6 Rf8 57. Rg7+ Rf7 58. Rxf7+ Kxf7 59. Kxf5
Ke7 60. g4 Kd7 61. Kg6 Kc7 62. Kxh6 Ra8 63. g5 Rf8 64. f4 Re8 65. g6 Rxe3 66.
g7 1-0

[Event "Gibtelecom Masters"]
[Site "Gibraltar"]
[Date "2008.01.22"]
[Round "1.63"]
[White "Vea, Odin Blikra"]
[Black "Larsson, Daniel"]
[Result "0-1"]
[WhiteElo "2168"]
[BlackElo "2003"]
[PlyCount "90"]
[EventDate "2008.01.22"]

1. d4 e6 2. e4 d5 3. Nd2 Nf6 4. e5 Nfd7 5. Bd3 c5 6. c3 Nc6 7. Ne2 cxd4 8. cxd4
f6 9. exf6 Nxf6 10. Nf3 Bd6 11. Bf4 Bxf4 12. Nxf4 O-O 13. O-O Ne4 14. Nh5 Ng5
15. Ne5 g6 16. Ng3 Nf7 17. Nxc6 bxc6 18. Qc2 Bd7 19. Bxg6 hxg6 20. Qxg6+ Kh8
21. f4 Nd6 22. Qh6+ Kg8 23. Nh5 Nf5 24. Qg6+ Kh8 25. Rf3 Be8 26. Qxe6 Bxh5 27.
Rh3 Ng7 28. Qh6+ Kg8 29. Rg3 Qf6 30. Qxh5 Qxd4+ 31. Kh1 Qxf4 32. Qe2 Rae8 33.
Qd1 Re3 34. Rg4 Qe5 35. h3 Rf2 36. Qg1 Ree2 37. Rc1 d4 38. Qd1 c5 39. b4 Qe3
40. bxc5 Rxg2 41. Qb3+ Qxb3 42. axb3 Rxg4 43. c6 Rgg2 44. c7 Rh2+ 45. Kg1 Reg2+
0-1

[Event "Gibtelecom Masters"]
[Site "Gibraltar"]
[Date "2008.01.22"]
[Round "1.64"]
[White "Lindsoe, Fredrik Aunan"]
[Black "Van Den Bersselaar, Jeroen"]
[Result "0-1"]
[WhiteElo "2001"]
[BlackElo "2164"]
[PlyCount "64"]
[EventDate "2008.01.22"]

1. e4 c6 2. d4 d5 3. f3 dxe4 4. fxe4 e5 5. Nf3 Bg4 6. Bc4 Nd7 7. O-O Ngf6 8. c3
Bd6 9. Bg5 O-O 10. Kh1 Qb6 11. Bxf6 Nxf6 12. Qd3 Bxf3 13. gxf3 Qxb2 14. f4 exf4
15. Nd2 b5 16. Bb3 Rad8 17. Rab1 Qa3 18. Qh3 Bc7 19. e5 Nd5 20. Rg1 Qe7 21. Bc2
g6 22. Ne4 Kg7 23. Ng5 Rh8 24. e6 Ne3 25. Nxf7 Nxc2 26. Qh6+ Kf6 27. Rbe1 Ne3
28. Ng5 Rd5 29. Rxe3 fxe3 30. Rf1+ Rf5 31. Rxf5+ Kxf5 32. Nf7 Re8 0-1

[Event "Gibtelecom Masters"]
[Site "Gibraltar"]
[Date "2008.01.22"]
[Round "1.65"]
[White "Tate, Alan"]
[Black "Bryn, Askild"]
[Result "1-0"]
[WhiteElo "2163"]
[BlackElo "1997"]
[PlyCount "99"]
[EventDate "2008.01.22"]

1. e4 c5 2. Nf3 Nc6 3. d4 cxd4 4. Nxd4 e5 5. Nb5 h6 6. N1c3 Nf6 7. Nd6+ Bxd6 8.
Qxd6 Qe7 9. Qxe7+ Kxe7 10. Be3 d6 11. O-O-O Be6 12. f3 Rhd8 13. a3 a6 14. Bb6
Rdc8 15. Be2 Nd7 16. Be3 b5 17. Nd5+ Bxd5 18. Rxd5 Na5 19. Rhd1 Rc6 20. b4 Nb7
21. Kb2 Rac8 22. R1d2 Nb6 23. Bxb6 Rxb6 24. c3 Nd8 25. Bd1 Ne6 26. g3 Rbc6 27.
R5d3 a5 28. Bb3 axb4 29. axb4 Nc7 30. f4 exf4 31. e5 Ne8 32. gxf4 R8c7 33. Re2
Kf8 34. Ree3 Re7 35. Rf3 dxe5 36. fxe5 f6 37. Rd5 Nc7 38. Rd8+ Re8 39. Rd7 Re7
40. Rd6 Rxd6 41. exd6 Re2+ 42. Kc1 Na8 43. Rf5 Re5 44. Rxe5 fxe5 45. Bd5 Nb6
46. Bc6 Nc4 47. d7 Ke7 48. Bxb5 Nd6 49. Bc6 g5 50. Kd2 1-0

[Event "Gibtelecom Masters"]
[Site "Gibraltar"]
[Date "2008.01.22"]
[Round "1.67"]
[White "Mundaca, Juan Carlos"]
[Black "Georgieva, Emilia"]
[Result "0-1"]
[WhiteElo "2150"]
[BlackElo "1985"]
[PlyCount "112"]
[EventDate "2008.01.22"]

1. e4 c5 2. Nf3 d6 3. d4 cxd4 4. Nxd4 Nf6 5. Nc3 e5 6. Nb3 Be6 7. Bg5 a6 8. Be2
Nbd7 9. a4 Be7 10. O-O b6 11. Re1 h6 12. Bxf6 Nxf6 13. Bd3 g5 14. Qe2 Qc8 15.
Rad1 Bg4 16. f3 Be6 17. Kh1 g4 18. Nd5 Bxd5 19. exd5 gxf3 20. Qxf3 Qg4 21. Qf1
Rg8 22. c4 Qh4 23. Nd2 Ng4 24. Nf3 Qh5 25. h3 f5 26. Qe2 f4 27. Nh2 Nf6 28. Qf2
Nd7 29. Be2 Qh4 30. Qf3 Nf6 31. Bd3 Kf7 32. Bf5 Rg3 33. Qf1 Rb3 34. Qe2 Nh5 35.
Bg6+ Kxg6 36. Qc2+ Kf7 37. Qxb3 Qf2 38. Nf1 Rg8 39. Qf3 Qxf3 40. gxf3 Ng3+ 41.
Kh2 Nf5 42. Rd3 h5 43. Nd2 Bh4 44. Rg1 Bg3+ 45. Kh1 Rc8 46. Ne4 Rxc4 47. Rc3
Rxc3 48. bxc3 h4 49. Nxg3 hxg3 50. Rb1 Nh4 51. Rxb6 Nxf3 52. Rxd6 Ng5 53. h4
Ne4 54. Rxa6 f3 55. h5 Nf2+ 56. Kg1 Nh3+ 0-1

[Event "Gibtelecom Masters"]
[Site "Gibraltar"]
[Date "2008.01.22"]
[Round "1.68"]
[White "Pettersson, Anders"]
[Black "Osuna Vega, Enrique"]
[Result "1/2-1/2"]
[WhiteElo "1984"]
[BlackElo "2146"]
[PlyCount "81"]
[EventDate "2008.01.22"]

1. d4 e6 2. c4 b6 3. Nc3 Bb7 4. e4 d6 5. Be3 g6 6. f3 Bg7 7. Qd2 Nf6 8. Nh3
Nbd7 9. Be2 a6 10. Nf2 Qe7 11. a4 c6 12. O-O O-O 13. Bh6 e5 14. Bxg7 Kxg7 15.
d5 c5 16. Ng4 Ng8 17. f4 exf4 18. Rxf4 h5 19. Ne3 Nh6 20. Raf1 Ne5 21. b3 Bc8
22. Qd1 Rh8 23. Kh1 Bd7 24. Rf6 Nhg4 25. Bxg4 hxg4 26. g3 Nf3 27. R6xf3 gxf3
28. Qxf3 Rh5 29. Rf2 Rf8 30. g4 Rh6 31. Ne2 Rfh8 32. Ng3 Kg8 33. g5 Rh3 34.
Nef1 R8h7 35. Qc3 Qxg5 36. Rf6 Qh4 37. Rf2 Qg4 38. Qf6 Rxg3 39. Qd8+ Kg7 40.
Qf6+ Kg8 41. Qd8+ 1/2-1/2

[Event "Gibtelecom Masters"]
[Site "Gibraltar"]
[Date "2008.01.22"]
[Round "1.69"]
[White "Kozlov, Oleg"]
[Black "Petrovic, Marko"]
[Result "0-1"]
[WhiteElo "2144"]
[BlackElo "1983"]
[PlyCount "148"]
[EventDate "2008.01.22"]

1. Nf3 Nf6 2. g3 g6 3. b3 Bg7 4. Bb2 b6 5. Bg2 Bb7 6. c4 O-O 7. d4 d5 8. Ne5 c6
9. O-O Nbd7 10. Nc3 e6 11. cxd5 exd5 12. f4 Re8 13. e3 Rc8 14. a4 Qc7 15. Rc1
Qd6 16. g4 Re7 17. g5 Ne8 18. e4 dxe4 19. Nxe4 Qe6 20. Ba3 c5 21. Re1 Nxe5 22.
dxe5 Bxe4 23. Rxe4 Rd7 24. Qf3 Qc6 25. b4 Bf8 26. bxc5 bxc5 27. Qe2 Ng7 28.
Rec4 Qb6 29. Qb2 Qa5 30. Bh3 Ne6 31. Bxe6 fxe6 32. Qc3 Qb6 33. Re1 Rcd8 34. Bc1
Rd3 35. Qc2 Qb7 36. Be3 Qf3 37. Qf2 Qd5 38. Rc2 c4 39. Bxa7 Ra8 40. Be3 Rxa4
41. Kf1 Raa3 42. Rce2 Qh1+ 43. Qg1 Qf3+ 44. Qf2 Qh3+ 45. Kg1 Bb4 46. Rb1 Rxe3
47. Rxe3 Rxe3 48. Rxb4 Qg4+ 49. Kf1 Rf3 50. Rxc4 Rxf2+ 51. Kxf2 Kf8 52. Rc8+
Ke7 53. Rc4 Kd7 54. Ke3 Qg1+ 55. Ke4 Qxh2 56. Kd3 Qg3+ 57. Kd2 Qb3 58. Rd4+ Kc6
59. Rd3 Qb4+ 60. Ke3 Qe1+ 61. Kf3 Kc5 62. Rd6 Qf1+ 63. Kg3 Qe1+ 64. Kf3 Qc3+
65. Kf2 Qh3 66. Rd7 Kc4 67. Rd6 Qa3 68. Kg2 Qe3 69. Ra6 Kb5 70. Rxe6 Qxf4 71.
Re8 Qxg5+ 72. Kf3 Qf5+ 73. Ke3 Kc5 74. e6 Kd6 0-1

[Event "Gibtelecom Masters"]
[Site "Gibraltar"]
[Date "2008.01.22"]
[Round "1.70"]
[White "Edvardsen, Ingar"]
[Black "Lazarus, Ben"]
[Result "0-1"]
[WhiteElo "1972"]
[BlackElo "2143"]
[PlyCount "58"]
[EventDate "2008.01.22"]

1. e4 e6 2. Nc3 d5 3. Nf3 Nf6 4. e5 Nfd7 5. d4 c5 6. Be3 Nc6 7. Bb5 cxd4 8.
Bxd4 Nxd4 9. Nxd4 a6 10. Bxd7+ Bxd7 11. Qd2 Bc5 12. Nb3 Ba7 13. f4 O-O 14.
O-O-O Qc7 15. g4 b5 16. Rhf1 a5 17. Rde1 b4 18. Nd1 a4 19. Nd4 Rfc8 20. Ne3 a3
21. b3 Qc3 22. Qxc3 Rxc3 23. Nd1 Bxd4 24. Nxc3 Bxc3 25. Rd1 Bb5 26. Rf2 Kf8 27.
f5 Ke7 28. f6+ gxf6 29. Rxf6 Bxe5 0-1

[Event "Gibtelecom Masters"]
[Site "Gibraltar"]
[Date "2008.01.22"]
[Round "1.71"]
[White "Compton, Alistair"]
[Black "Reichard, Sigge"]
[Result "1-0"]
[WhiteElo "2132"]
[BlackElo "1967"]
[PlyCount "39"]
[EventDate "2008.01.22"]

1. e4 e5 2. Nc3 Nc6 3. f4 exf4 4. Nf3 g5 5. h4 g4 6. Ng5 d6 7. d4 h6 8. Nxf7
Kxf7 9. Bc4+ Kg7 10. Bxf4 Be7 11. O-O Bf6 12. Be3 Nge7 13. Rxf6 Kxf6 14. Qf1+
Bf5 15. Qf4 Qd7 16. Rf1 d5 17. Nxd5+ Nxd5 18. Bxd5 Ne7 19. Qxg4 c6 20. e5# 1-0

[Event "Gibtelecom Masters"]
[Site "Gibraltar"]
[Date "2008.01.22"]
[Round "1.73"]
[White "Vinas Guerrero, Carlos A"]
[Black "Joseph, Adrian P"]
[Result "1-0"]
[WhiteElo "2129"]
[BlackElo "1958"]
[PlyCount "72"]
[EventDate "2008.01.22"]

1. e4 d5 2. exd5 Nf6 3. d4 Nxd5 4. Nf3 Bg4 5. Be2 Nc6 6. h3 Bh5 7. O-O e6 8. b3
Be7 9. c3 O-O 10. Ne5 Bxe2 11. Qxe2 Nxe5 12. dxe5 Bc5 13. Qg4 f5 14. Qf3 c6 15.
a4 Qc7 16. Re1 b5 17. axb5 cxb5 18. Ra6 Qc8 19. Ra2 Qc6 20. c4 bxc4 21. bxc4
Nb4 22. Qxc6 Nxc6 23. Ba3 Bb4 24. Bxb4 Nxb4 25. Rd2 Rfc8 26. Na3 g5 27. g3 Rc7
28. f4 gxf4 29. gxf4 Kf7 30. Nb5 Re7 31. Kh2 a6 32. Nd6+ Kf8 33. c5 a5 34. Ra1
a4 35. Rd4 Nc2 36. Rdxa4 Rc8 1-0

[Event "Gibtelecom Masters"]
[Site "Gibraltar"]
[Date "2008.01.22"]
[Round "1.74"]
[White "Matthews, Adrian M S"]
[Black "Borg, Andrew"]
[Result "1/2-1/2"]
[WhiteElo "1920"]
[BlackElo "2127"]
[PlyCount "77"]
[EventDate "2008.01.22"]

1. e4 c6 2. d4 d5 3. exd5 cxd5 4. Bd3 Nc6 5. c3 Qc7 6. Ne2 Bg4 7. O-O e6 8. f3
Bh5 9. Bf4 Bd6 10. Bxd6 Qxd6 11. Na3 a6 12. Qd2 Bg6 13. f4 Bxd3 14. Qxd3 g6 15.
Rae1 Nge7 16. Nc2 O-O-O 17. b4 Na7 18. a4 Kb8 19. Rb1 Nec8 20. b5 a5 21. Ne3
Nb6 22. c4 dxc4 23. Nxc4 Nxc4 24. Qxc4 Rc8 25. Qd3 b6 26. Rbc1 Rhd8 27. Qe4
Rxc1 28. Rxc1 Rc8 29. Qe5 Rxc1+ 30. Nxc1 Nc8 31. Nd3 Qxe5 32. dxe5 Ne7 33. Kf2
Nd5 34. Kf3 Kc7 35. g4 f6 36. g5 fxe5 37. fxe5 Kd7 38. Nb2 Kc7 39. Ke4 1/2-1/2

[Event "Gibtelecom Masters"]
[Site "Gibraltar"]
[Date "2008.01.22"]
[Round "1.75"]
[White "Ocana Roca, Juan Jesus"]
[Black "Marks, Ian A"]
[Result "1-0"]
[WhiteElo "2127"]
[BlackElo "1919"]
[PlyCount "51"]
[EventDate "2008.01.22"]

1. e4 c5 2. Nf3 d6 3. d4 cxd4 4. Nxd4 Nf6 5. Nc3 a6 6. Bc4 e6 7. Bb3 Be7 8. Be3
b5 9. O-O Bb7 10. Bxe6 fxe6 11. Nxe6 Qd7 12. Nxg7+ Kf7 13. Nf5 b4 14. Nh6+ Kg7
15. Nd5 Bxd5 16. exd5 Qb7 17. Nf5+ Kf7 18. Bd4 Re8 19. Re1 Qd7 20. Nxe7 Rxe7
21. Qf3 Rxe1+ 22. Rxe1 Qd8 23. Re6 Nbd7 24. Rxd6 Qe7 25. Rxd7 Qxd7 26. Qxf6+
1-0

[Event "Gibtelecom Masters"]
[Site "Gibraltar"]
[Date "2008.01.22"]
[Round "1.76"]
[White "Skage, Oystein Aagedal"]
[Black "Arnott, Jonathan W"]
[Result "1-0"]
[WhiteElo "1919"]
[BlackElo "2117"]
[PlyCount "61"]
[EventDate "2008.01.22"]

1. e4 e6 2. d4 d5 3. Nc3 Nf6 4. e5 Nfd7 5. f4 c5 6. Nf3 Nc6 7. Be3 a6 8. Qd2 b5
9. a3 g5 10. Ne2 cxd4 11. Nexd4 Nxd4 12. Bxd4 g4 13. Ng1 Nc5 14. Qe3 Ne4 15.
Bd3 Bb7 16. Ne2 Rc8 17. O-O Nc5 18. f5 Nxd3 19. cxd3 Qd7 20. fxe6 fxe6 21. Qg5
Qg7 22. Qh5+ Ke7 23. Rf6 Rc7 24. Raf1 Kd8 25. Bb6 Bc5+ 26. Bxc5 Rxc5 27. Nd4
Bc8 28. Rxe6 Qa7 29. Rd6+ Bd7 30. e6 Rc7 31. Qxd5 1-0